Statistics for Name all the Countries in Oceania - Speed Quiz

Click here to take the quiz!

General Stats

  • This quiz has been taken 11 times
  • The average score is 14 of 15

Answer Stats

HintAnswer% Correct
Biggest land.Australia
100%
A brand of water.Fiji
100%
Strange flag with water on it.Kiribati
100%
Eminem's real name.Marshall Islands
100%
Always forgotten in map.New Zealand
100%
Borders Indonesia.Papua New Guinea
100%
Federated States of ________Micronesia
90%
Flag similar to Cape Verde.Nauru
90%
Previously named Belau.Palau
90%
Has 'Islands' at the end.Solomon Islands
90%
Flag looks similar to Switzerland.Tonga
90%
The best EAS alarm.Tuvalu
90%
Southern Oceania.Vanuatu
90%
Roman Reigns from here😎Samoa
80%
Loads of islands.Indonesia
40%

Score Distribution

Percentile by Number Answered

Percent of People with Each Score

Your Score History

You have not taken this quiz